Progresos en organización industrial (Registro nro. 444)

Detalles MARC
000 -LEADER
fixed length control field 01472 a2200289 4500
001 - CONTROL NUMBER
control field 6271
005 - DATE AND TIME OF LATEST TRANSACTION
control field 20260407155436.0
008 - FIXED-LENGTH DATA ELEMENTS--GENERAL INFORMATION
fixed length control field 260407a2006 arg spa d
003 - CONTROL NUMBER IDENTIFIER
control field AR-UNSa-BCEJYS
040 ## - CATALOGING SOURCE
Original cataloging agency AR-UNSa-BCEJYS
Language of cataloging spa
Transcribing agency AR-UNSa-BCEJYS
080 ## - UNIVERSAL DECIMAL CLASSIFICATION NUMBER
Universal Decimal Classification number 338.45
Common auxiliary subdivision Industria como sector económico. Producción comercial, industrial
020 ## - INTERNATIONAL STANDARD BOOK NUMBER
International Standard Book Number 950-9445-28-2
100 1# - MAIN ENTRY--PERSONAL NAME
Personal name Coloma, Germán
245 10 - TITLE STATEMENT
Title Progresos en organización industrial
264 #1 - PRODUCTION, PUBLICATION, DISTRIBUTION, MANUFACTURE, AND COPYRIGHT NOTICE
Place of production, publication, distribution, manufacture Buenos Aires :
Name of producer, publisher, distributor, manufacturer Asociación Argentina de Economía Política
Date of production, publication, distribution, manufacture, or copyright notice 2006
300 ## - PHYSICAL DESCRIPTION
Extent xv, 180 p.
Dimensions 22 cm.
505 ## - FORMATTED CONTENTS NOTE
Formatted contents note 1. Introducción / Germán Coloma - 2. Teoría del monopolio desregulado: discriminación de precios y de calidad / Andrés Chamboleyron - 3. Modelos dinámicos de interacción estratégica en oligopolio: formación de precios y colusión / Carlos S. Valquez - 4. Fusiones horizontales / Walter Cont y Fernando Navajas - 5. Defensa de la competencia en mercados energéticos: el enfoque integral de la autoridad argentina de defensa de la competencia / Diego Pelrecolla y Marina Bidart
590 ## - LOCAL NOTE (RLIN)
Local note niveau_biblio:m niveau_hierar:0
700 1# - ADDED ENTRY--PERSONAL NAME
Personal name Chambouleyron, Andrés
700 1# - ADDED ENTRY--PERSONAL NAME
Personal name Valquez, Carlos S.
700 1# - ADDED ENTRY--PERSONAL NAME
Personal name Cont, Walter
700 1# - ADDED ENTRY--PERSONAL NAME
Personal name Navajas, Fernando
700 1# - ADDED ENTRY--PERSONAL NAME
Personal name Petrecolla, Diego
700 1# - ADDED ENTRY--PERSONAL NAME
Personal name Bidart, Marina
856 41 - ELECTRONIC LOCATION AND ACCESS
Uniform Resource Identifier <a href="https://biblioeco.unsa.edu.ar/pmb/images/libros/Progresos en organizacion industrial-l116225.jpg">https://biblioeco.unsa.edu.ar/pmb/images/libros/Progresos en organizacion industrial-l116225.jpg</a>
Link text Imagen de portada
Electronic format type image/jpeg
942 ## - ADDED ENTRY ELEMENTS (KOHA)
Koha item type
Existencias
Withdrawn status Lost status Damaged status Not for loan Home library Current library Shelving location Date acquired Total checkouts Full call number Barcode Date last seen Price effective from Koha item type
        Biblioteca Prof. Eusebio Cleto del Rey Biblioteca Prof. Eusebio Cleto del Rey   07/04/2026   338.45 C718 L116745 07/04/2026 07/04/2026 Libro
        Biblioteca Prof. Eusebio Cleto del Rey Biblioteca Prof. Eusebio Cleto del Rey   07/04/2026   338.45 C718 L116225 07/04/2026 07/04/2026 Libro
        Biblioteca Prof. Eusebio Cleto del Rey Biblioteca Prof. Eusebio Cleto del Rey   07/04/2026   338.45 C718 L118547 07/04/2026 07/04/2026 Libro
        Biblioteca Prof. Eusebio Cleto del Rey Biblioteca Prof. Eusebio Cleto del Rey   07/04/2026   338.45 C718 L127280 07/04/2026 07/04/2026 Libro
        Biblioteca Prof. Eusebio Cleto del Rey Biblioteca Prof. Eusebio Cleto del Rey   07/04/2026   338.45 C718 L127281 07/04/2026 07/04/2026 Libro
        Biblioteca Prof. Eusebio Cleto del Rey Biblioteca Prof. Eusebio Cleto del Rey   07/04/2026   338.45 C718 L127429 07/04/2026 07/04/2026 Libro